[Event "US Amateur Team East"]
[Site "Parsippany USA"]
[Date "2004.02.15"]
[Round "4"]
[White "Benjamin,Joe"]
[Black "Schulien,C"]
[Result "1-0"]
[WhiteElo "2566"]
[BlackElo "2355"]

1.e4 e5 2.Nf3 Nc6 3.Bb5 f5 4.Nc3 fxe4 5.Nxe4 Nf6 6.Qe2 Qe7 7.d3 d5 8.Nc3 Bg4
9.O-O O-O-O 10.Bxc6 bxc6 11.Re1 Bxf3 12.Qxf3 Qd7 13.Rxe5 Bd6 14.Re2 Rhf8
15.h3 h5 16.d4 Rde8 17.Qd3 Rxe2 18.Nxe2 Ne4 19.Be3 Qf7 20.f3 Ng3 21.Nxg3 Bxg3
22.Bf2 Bd6 23.Re1 g5 24.Qe3 g4 25.fxg4 hxg4 26.Qe6+ Qxe6 27.Rxe6 Kd7 28.Rg6 gxh3
29.gxh3 Re8 30.Kf1 Rh8 31.Kg2 Re8 32.Kf3 Rf8+ 33.Ke2 Rh8 34.h4 Be7 35.Rg4 Ke6
36.Kf3 Bd6 37.Bg3 Rf8+ 38.Ke3 Rf6 39.Rg7 Kf5 40.Bxd6 cxd6 41.Rxa7  1-0

[Event "US Amateur Team East"]
[Site "Parsippany USA"]
[Date "2004.02.16"]
[Round "6"]
[White "Kobas,A"]
[Black "Benjamin,Joe"]
[Result "0-1"]
[WhiteElo "2285"]
[BlackElo "2566"]

1.e4 e5 2.Nc3 Nf6 3.g3 c6 4.d4 Bb4 5.Bg2 d5 6.dxe5 Nxe4 7.Bxe4 dxe4 8.Qxd8+ Kxd8
9.Bd2 Bf5 10.O-O-O Nd7 11.Nge2 Re8 12.Nd4 Bg6 13.Rhe1 Nxe5 14.Nxe4 Bxd2+
15.Rxd2 Kc7 16.f4 Nc4 17.f5 Nxd2 18.Kxd2 Rad8 19.Ke3 Rxe4+ 20.Kxe4 Re8+ 21.Ne6+ Rxe6+  0-1

[Event "St John Uni"]
[Site "New York USA"]
[Date "2004.06.17"]
[Round "1"]
[White "Cela,A"]
[Black "Benjamin,Joe"]
[Result "1/2-1/2"]
[WhiteElo "2482"]
[BlackElo "2566"]

1.e4 g6 2.d4 Bg7 3.Nc3 c6 4.f4 d5 5.e5 Nh6 6.Nf3 Bg4 7.Be3 f6 8.h3 Bxf3 9.Qxf3 O-O
10.exf6 exf6 11.g4 f5 12.O-O-O Nd7 13.g5 Nf7 14.h4 Re8 15.h5 Qa5 16.Kb1 Re6
17.Bd3 Rae8 18.Bf2 Nd6 19.Rhe1 Ne4 20.Bxe4 dxe4 21.Qh3 Nb6 22.hxg6 hxg6 23.d5 Nxd5
24.Nxd5 cxd5 25.Qb3 Rd8 26.Re2 a6 27.a4 Red6 28.Red2 Qc7 29.Rxd5 Rxd5 30.Rxd5 Rxd5
31.Qxd5+ Qf7 32.Qd8+  1/2-1/2

[Event "St John Uni"]
[Site "New York USA"]
[Date "2004.06.22"]
[Round "5"]
[White "Kurniawan,B"]
[Black "Benjamin,Joe"]
[Result "1/2-1/2"]
[WhiteElo "2371"]
[BlackElo "2566"]

1.d4 Nf6 2.c4 g6 3.Nc3 Bg7 4.e4 d6 5.f3 O-O 6.Be3 a6 7.Qd2 Nbd7 8.Nge2 c5
9.d5 b5 10.cxb5 Qa5 11.a4 Nb6 12.Nc1 axb5 13.Bxb5 Ba6 14.Bxa6 Rxa6 15.Qe2 Rfa8
16.Bd2 Qb4 17.b3 c4 18.e5 cxb3 19.Nd3 Qd4 20.exf6 Bxf6 21.Rb1 Nxa4 22.Nb5 Qc4
23.Nc1 Qxe2+ 24.Nxe2 Rb6 25.Nbc3 Nc5 26.Kf2 Nd3+ 27.Ke3 Ne5 28.f4 Nc4+ 29.Kd3 Rc8
30.Na4 Rbb8 31.Bc3 Na3 32.Rb2 Nc4 33.Bxf6 exf6 34.Rbb1 Na3 35.Rbc1 Rxc1 36.Rxc1 b2
37.Nxb2 Rxb2 38.Rc6 Rb3+ 39.Rc3 Rxc3+ 40.Kxc3 Nb5+ 41.Kb4 Nc7 42.Nc3 Kf8
43.Ka5 Ke7 44.Kb6 Kd7 45.g4 Ne8 46.Kb7 f5 47.g5 Ng7 48.h4 Nh5 49.Ne2 Ng7
50.Nc3 Nh5 51.Ne2  1/2-1/2

[Event "St John Uni"]
[Site "New York USA"]
[Date "2004.06.27"]
[Round "9"]
[White "Benjamin,Joe"]
[Black "Bonin,J"]
[Result "1-0"]
[WhiteElo "2566"]
[BlackElo "2341"]

1.e4 e5 2.Nf3 Nf6 3.Nxe5 d6 4.Nf3 Nxe4 5.Bd3 Nc5 6.Be2 d5 7.d4 Ne6 8.O-O Be7
9.c4 c6 10.Nc3 dxc4 11.Bxc4 O-O 12.Re1 Na6 13.Be3 Nac7 14.Qb3 b5 15.Bd3 Bb7
16.Rad1 a6 17.Ne5 Nd5 18.Nxd5 cxd5 19.Bf5 Qd6 20.Bc1 Bc8 21.Qh3 g6 22.Nxf7 Rxf7
23.Bxe6 Bxe6 24.Qxe6 Qxe6 25.Rxe6 Rc8 26.Rxa6 Rc2 27.Rf1 Kg7 28.b3 Bb4 29.Be3 Bc3
30.a3 Rb2 31.b4 Bd2 32.h3 Rc7 33.Bxd2 Rxd2 34.Rb6 Rxd4 35.Rxb5 Rd2 36.a4 Rcc2
37.a5 Ra2 38.Rb7+ Kh6 39.Rd7 d4 40.Rd8 Kg5 41.Rd5+ Kf6 42.Re1 d3 43.Rd6+ Kg5
44.Re3 Rxf2 45.Rg3+ Kf4 46.Rdxd3  1-0

[Event "ch-EU"]
[Site "Cork IRL"]
[Date "2005.03.22"]
[Round "1"]
[White "Benjamin,Joe"]
[Black "Eberl,HC"]
[Result "1-0"]
[WhiteElo "2554"]
[BlackElo "2096"]

1.e4 e6 2.Nf3 d5 3.Nc3 Nf6 4.e5 Nfd7 5.d4 c5 6.dxc5 Nc6 7.Bf4 Be7 8.Bb5 Nxc5
9.Nd4 Qb6 10.Qg4 Kf8 11.Qd1 Nd7 12.Bxc6 bxc6 13.O-O Ba6 14.Re1 c5 15.Nb3 Bb7
16.a4 Qb4 17.Bg3 h5 18.Nb5 c4 19.N3d4 Nc5 20.Bf4 Qa5 21.b4 cxb3 22.cxb3 Qd8
23.Rc1 a6 24.Nd6 Bxd6 25.exd6 Rc8 26.Qd2 Qd7 27.Rc2 Kg8 28.Rec1 Ne4 29.Rxc8+ Bxc8
30.Qc2 Kh7 31.f3 Qa7 32.Be3 e5 33.Nf5 d4 34.Qxe4 dxe3 35.Nxe3+ f5 36.Qxe5 f4
37.Qe4+ Kh6 38.Qxf4+ Kh7  1-0

[Event "ch-EU"]
[Site "Cork IRL"]
[Date "2005.03.24"]
[Round "3"]
[White "Benjamin,Joe"]
[Black "Sarakauskas,G"]
[Result "1-0"]
[WhiteElo "2554"]
[BlackElo "2449"]

1.e4 e5 2.Nf3 Nc6 3.Bb5 Nf6 4.O-O Nxe4 5.d4 Nd6 6.Bxc6 dxc6 7.dxe5 Nf5 8.Qxd8+ Kxd8
9.Nc3 Be6 10.Ng5 Bc4 11.Rd1+ Ke8 12.b3 Bb4 13.bxc4 Bxc3 14.Rb1 b6 15.g4 Ne7
16.f4 h6 17.Ne4 Ba5 18.f5 h5 19.f6 gxf6 20.Nxf6+ Kf8 21.gxh5 Ng8 22.Bg5 Nxf6
23.Bxf6 Rxh5 24.Rd7 Bc3 25.Rbd1 Kg8 26.R1d3 Bb2 27.c3 Rh6 28.Rg3+ Rg6 29.Rxg6+ fxg6
30.Rg7+ Kf8 31.e6 Re8 32.Rf7+ Kg8 33.Rg7+ Kf8 34.e7+ Rxe7 35.Rxe7 Bxc3 36.Bg5  1-0

[Event "ch-EU"]
[Site "Cork IRL"]
[Date "2005.03.29"]
[Round "8"]
[White "Molander,R"]
[Black "Benjamin,Joe"]
[Result "0-1"]
[WhiteElo "2353"]
[BlackElo "2554"]

1.e4 c5 2.c3 d5 3.exd5 Qxd5 4.d4 Nf6 5.Nf3 Nc6 6.Be3 Ng4 7.Bd3 Nxe3 8.fxe3 e6
9.O-O Be7 10.Qc2 Qh5 11.Nbd2 O-O 12.Be4 Bd7 13.Nc4 Rad8 14.Nfe5 Nxe5 15.Nxe5 Bc8
16.Rf3 f5 17.Bd3 Bd6 18.Bc4 Qe8 19.a4 Kh8 20.Raf1 Bxe5 21.dxe5 Bd7 22.Qb3 Bxa4
23.Qa2 g6 24.R3f2 a6 25.Bxe6 Bc6 26.b4 Qe7 27.h3 Rd3 28.Qc4 Rxe3 29.Qf4 Re4
30.Qh6 Rh4  0-1

[Event "HB Global CC"]
[Site "Minneapolis USA"]
[Date "2005.05.19"]
[Round "2"]
[White "Lawson,E"]
[Black "Benjamin,Joe"]
[Result "1/2-1/2"]
[WhiteElo "2367"]
[BlackElo "2563"]

1.d4 Nf6 2.Bg5 e6 3.e4 c5 4.d5 d6 5.Nc3 a6 6.a4 Be7 7.Nf3 O-O 8.Bf4 exd5
9.exd5 Nh5 10.Bd2 Bg4 11.h3 Bxf3 12.Qxf3 g6 13.g4 Ng7 14.Be2 Nd7 15.h4 f5
16.g5 b5 17.axb5 Ne5 18.Qf4 axb5 19.O-O b4 20.Nb5 Qd7 21.c4 Rfe8 22.Qg3 Bf8
23.Bf4 Ng4 24.Bxg4 fxg4 25.Rfe1 Rxa1 26.Rxa1 Re4 27.Bxd6 Nh5 28.Qd3 Qf5 29.Rf1 Bg7
30.Bg3 Nf4 31.Bxf4 Qxf4 32.d6 Be5 33.Qd5+ Kg7 34.Qb7+  1/2-1/2

[Event "33rd World Open"]
[Site "Philadelphia USA"]
[Date "2005.06.28"]
[Round "1"]
[White "Sadilek,P"]
[Black "Benjamin,Joe"]
[Result "0-1"]
[WhiteElo "2037"]
[BlackElo "2563"]

1.e4 c5 2.Nf3 e6 3.d4 cxd4 4.Nxd4 a6 5.c4 Nf6 6.Nc3 Qc7 7.a3 b6 8.Be2 Bb7
9.f3 d6 10.Be3 Nbd7 11.O-O Be7 12.Qd2 O-O 13.Rfd1 Rfe8 14.Kh1 Rac8 15.Rac1 Qb8
16.b4 Bd8 17.Nb3 Bc7 18.Bg1 d5 19.exd5 Bf4 20.Be3 Bxe3 21.Qxe3 exd5 22.Qd4 dxc4
23.Bxc4 b5 24.Bf1 Ne5 25.Nc5 Nxf3 26.gxf3 Rcd8 27.Qh4 Bxf3+ 28.Kg1 Bxd1 29.Nxd1 Qe5
30.Nf2 Qb2 31.Ncd3 Qxa3 32.Rc6 Qa1 33.Qg3 h6 34.Nc5 Re1 35.Qg2 Qd4 36.Rxa6 Nd5
37.Nd3 Ne3 38.Nxe1 Nxg2 39.Bxg2 Qxb4  0-1

[Event "33rd World Open"]
[Site "Philadelphia USA"]
[Date "2005.06.30"]
[Round "3"]
[White "Ardaman,M"]
[Black "Benjamin,Joe"]
[Result "0-1"]
[WhiteElo "2308"]
[BlackElo "2563"]

1.b4 d5 2.Bb2 c6 3.e3 Nf6 4.f4 Bg4 5.Nf3 e6 6.a3 Nbd7 7.h3 Bxf3 8.Qxf3 Ne4
9.Rg1 Be7 10.Bd3 Bf6 11.Ra2 Bxb2 12.Rxb2 Qh4+ 13.Ke2 Ndf6 14.g4 h6 15.c4 O-O-O
16.Rc2 Kb8 17.Nc3 Nxc3+ 18.Rxc3 Rd7 19.cxd5 Nxd5 20.Rb3 Rhd8 21.Rc1 Qe7 22.Qe4 g5
23.Qe5+ Ka8 24.fxg5 hxg5 25.Rc2 Nb6 26.Qg3 a6 27.Be4 Ka7 28.Rbc3 f6 29.Qf3 Qd6
30.Qg2 Qxd2+ 31.Rxd2 Rxd2+ 32.Kf3 Rxg2 33.Kxg2 Rd2+ 34.Kg3 Nd7 35.Rc1 Ne5
36.Rf1 Re2 37.Rxf6 Rxe3+ 38.Bf3 Rxa3 39.Kf2 Nd3+ 40.Ke3 Nf4+ 41.Ke4 Nxh3  0-1

[Event "33rd World Open"]
[Site "Philadelphia USA"]
[Date "2005.07.03"]
[Round "7"]
[White "Miton,K"]
[Black "Benjamin,Joe"]
[Result "1-0"]
[WhiteElo "2592"]
[BlackElo "2563"]

1.d4 Nf6 2.Nf3 Nc6 3.c4 e6 4.Nc3 Bb4 5.Qd3 d6 6.a3 Bxc3+ 7.Qxc3 O-O 8.e3 a5
9.Be2 Re8 10.b3 e5 11.d5 Ne7 12.Nd2 Bf5 13.O-O c6 14.dxc6 Nxc6 15.Rd1 Rc8
16.Qb2 Qe7 17.Nb1 b5 18.Nc3 bxc4 19.bxc4 Ne4 20.Nb5 Red8 21.f3 Nc5 22.e4 Be6
23.Be3 Rb8 24.Qc3 a4 25.Rac1 Nb3 26.Rc2 h6 27.f4 f6 28.Qe1 Bf7 29.Qf2 exf4
30.Qxf4 Ne5 31.Nc3 Nc5 32.Nd5 Bxd5 33.cxd5 Rb3 34.Bxc5 dxc5 35.Bc4 Nxc4 36.Rxc4 Rxa3
37.d6 Qe6 38.Rxc5 Rb3 39.Ra5 a3 40.Ra7 Rd7 41.Rxd7 Qxd7 42.e5 Rb2 43.Qc4+ Kh7
44.e6 Qa7+ 45.Qd4 Qb7 46.Qd3+ g6 47.Qf1 a2 48.e7 Rb1 49.e8=Q a1=Q 50.d7 Qb6+
51.Kh1 Rxd1 52.Qe7+ Kg8 53.d8=Q+ Qxd8 54.Qxd8+ Rxd8 55.Qxa1 Rc8 56.h4 Rd8
57.Qa2+ Kg7 58.Kg1 Rd7 59.Kf2 Re7 60.Kf3 Rf7 61.Qa8 Re7 62.Qd8 Re5 63.Qd7+ Kf8
64.Qh7 Re6 65.Qh8+ Kf7 66.Qc8 Ke7 67.Qh8 g5 68.Qh7+ Kd6 69.Qg7 Ke5 70.Qxh6 Rd6
71.Qh7 Re6 72.Qh5  1-0

[Event "ch-Marshall CC"]
[Site "New York USA"]
[Date "2005.12.09"]
[Round "1"]
[White "Benjamin,Joe"]
[Black "Figler,I"]
[Result "1-0"]
[WhiteElo "2576"]
[BlackElo "2375"]

1.e4 c6 2.c4 d5 3.cxd5 cxd5 4.exd5 Qxd5 5.Nc3 Qd6 6.d4 a6 7.Nf3 Nf6 8.Bc4 b5
9.Bb3 Nc6 10.O-O Na5 11.Bc2 Bb7 12.Bg5 g6 13.Bxf6 Qxf6 14.Be4 Bg7 15.Bxb7 Nxb7
16.Re1 O-O 17.Nd5 Qd6 18.Nxe7+ Kh8 19.Ne5 Na5 20.Rc1 Bxe5 21.Rxe5 Nc4 22.Re4 Nxb2
23.Qd2 Nc4 24.Qh6 f5 25.Re2 Qf6 26.Rce1 Qg7 27.Qf4 g5 28.Qg3 f4 29.Qg4 Qxd4
30.Qxg5 Qg7 31.h4 Qxg5 32.hxg5 Rf7 33.Re6 Kg7 34.Nd5 a5 35.R1e4 Rd8 36.Nxf4 Rd1+
37.Kh2 Nd6 38.Nh5+ Kf8 39.Re2 b4 40.Rh6 Rb7 41.Ree6 Nf7 42.Rxh7 Nxg5 43.Rh8+ Kf7
44.Rf6+ Ke7 45.f4 Nf7 46.Rh7 Ke8 47.Ra6 Rb5 48.Ra7  1-0

[Event "ch-Marshall CC"]
[Site "New York USA"]
[Date "2005.12.10"]
[Round "3"]
[White "Benjamin,Joe"]
[Black "Pader,D"]
[Result "1-0"]
[WhiteElo "2576"]
[BlackElo "2230"]

1.e4 d6 2.d4 g6 3.Nc3 Bg7 4.Be3 c6 5.Qd2 Nd7 6.Nf3 Qc7 7.a4 Ngf6 8.h3 O-O
9.Bd3 e5 10.O-O Re8 11.Rfe1 exd4 12.Bxd4 Ne5 13.Be2 Nxf3+ 14.Bxf3 Be6 15.Rad1 Red8
16.h4 a6 17.h5 b5 18.h6 Bh8 19.Qf4 Ne8 20.Bxh8 Kxh8 21.Nd5 Qb7 22.Nf6 Qe7
23.Nxe8 Rxe8 24.Rxd6 g5 25.Qg3 g4 26.Bxg4 Qf6 27.Bxe6  1-0

[Event "ch-Marshall CC"]
[Site "New York USA"]
[Date "2005.12.18"]
[Round "9"]
[White "Benjamin,Joe"]
[Black "Ibragimov,I"]
[Result "1/2-1/2"]
[WhiteElo "2576"]
[BlackElo "2617"]

1.e4 e5 2.Nf3 Nc6 3.Bb5 a6 4.Bxc6 dxc6 5.O-O Qd6 6.Na3 Be6 7.Qe2 f6 8.Rd1 Bg4
9.d4 exd4 10.c3 c5 11.Nc2 O-O-O 12.cxd4 Re8 13.Be3 c4  1/2-1/2

[Event "ch-USA GpA"]
[Site "San Diego USA"]
[Date "2006.03.05"]
[Round "3"]
[White "Benjamin,Joe"]
[Black "Friedel,J"]
[Result "1/2-1/2"]
[WhiteElo "2576"]
[BlackElo "2455"]

1.e4 e5 2.Nf3 Nc6 3.Bb5 a6 4.Ba4 Nf6 5.O-O Be7 6.Re1 b5 7.Bb3 d6 8.c3 O-O
9.d4 Bg4 10.d5 Na5 11.Bc2 c6 12.h3 Bc8 13.dxc6 Qc7 14.Nbd2 Qxc6 15.Nf1 Re8
16.a4 Be6 17.Ng5 Bd7 18.Ne3 h6 19.Nf3 Be6 20.Nd2 g6 21.Qf3 Nb7 22.a5 Qc7
23.Nf5 gxf5 24.exf5 Bd5 25.Ne4 Bxe4 26.Bxe4 d5 27.Bxd5 Nxd5 28.Qxd5 Bg5 29.Bxg5 hxg5
30.h4 Rad8 31.Qf3 Nd6 32.hxg5 e4 33.Qf4 Qc5 34.g4 Qe5 35.Qxe5 Rxe5 36.Rad1 Ree8
37.b4 Kf8 38.Rd5 Nc4 39.Rxd8 Rxd8 40.Rxe4 Rd3 41.f6 Rxc3 42.Re7 Nd6 43.Ra7 Rc6
44.Kg2 Ke8 45.f4 Nc8 46.Rb7 Rc4 47.Kg3 Rxb4 48.f5 Nd6 49.Re7+ Kf8 50.g6 Kg8
51.Kh3 Rb3+ 52.Kh4 Rb1 53.Kg5 Rf1 54.Kh5 Rh1+ 55.Kg5 Rf1 56.gxf7+ Nxf7+ 57.Kh4 Rh1+
58.Kg3 Ra1 59.Re8+ Kh7 60.Re7 Kg8 61.Re8+  1/2-1/2

[Event "34th World Open"]
[Site "Philadelphia USA"]
[Date "2006.06.30"]
[Round "3"]
[White "Benjamin,Joe"]
[Black "Karklins,A"]
[Result "1-0"]
[WhiteElo "2565"]
[BlackElo "2223"]

1.e4 e5 2.Nf3 Nc6 3.Bb5 a6 4.Ba4 Nf6 5.d3 d6 6.c3 g6 7.Bg5 Bg7 8.Nbd2 O-O
9.Nf1 Ne7 10.Ne3 Nh5 11.d4 f6 12.Bb3+ Kh8 13.Bh4 Qe8 14.O-O Nf4 15.Bg3 Bd7
16.Qd2 Bh6 17.Rfe1 Nh5 18.Rad1 Bg4 19.Qe2 Bxe3 20.Qxe3 f5 21.exf5 Nxf5 22.Qd3 Bxf3
23.gxf3 Qd8 24.dxe5 Nh4 25.Re3 Nf4 26.Qe4 d5 27.Bxd5 Qg5 28.e6 Rf5 29.Bb3 Kg7
30.Qxb7 Re8 31.Qxc7+ Re7 32.Qxe7+ Qxe7 33.Rd7 Kf6 34.Bxh4+ g5 35.Rxe7  1-0

[Event "107th Annual US Open"]
[Site "Chicago USA"]
[Date "2006.08.08"]
[Round "4"]
[White "Lu Yu Zhong"]
[Black "Benjamin,Joe"]
[Result "0-1"]
[WhiteElo "2097"]
[BlackElo "2552"]

1.d4 Nf6 2.Nf3 e6 3.g3 c5 4.c4 cxd4 5.Nxd4 Bb4+ 6.Bd2 Bc5 7.Nb3 Be7 8.Bg2 d6
9.Na5 Qc7 10.O-O O-O 11.Qb3 Nbd7 12.Qa3 Rb8 13.Nc3 a6 14.Rac1 Ne5 15.Bf4 b6
16.Nd5 exd5 17.cxd5 Qd8 18.Qb3 Bg4 19.Nc6 Nxc6 20.dxc6 Qc7 21.Qd3 b5 22.h3 Be6
23.g4 h6 24.Rfd1 Rfd8 25.Bg3 Rbc8 26.f4 Qa5 27.f5 Bc4 28.Qf3 Qxa2 29.Rd2 d5
30.c7 Re8 31.Qc3 Bc5+  0-1

[Event "107th Annual US Open"]
[Site "Chicago USA"]
[Date "2006.08.09"]
[Round "5"]
[White "Benjamin,Joe"]
[Black "Lee,Micha"]
[Result "1-0"]
[WhiteElo "2552"]
[BlackElo "2125"]

1.e4 c5 2.Nc3 Nc6 3.Bb5 Nd4 4.Bc4 g6 5.Nf3 Bg7 6.O-O e6 7.Nxd4 cxd4 8.Nb5 Qb6
9.c3 Ne7 10.Nxd4 Bxd4 11.cxd4 Qxd4 12.d3 O-O 13.Bh6 Rd8 14.Qf3 Qxb2 15.Bg5 Re8
16.Bf6 Qd2 17.Rae1 Qh6 18.Re3 a6 19.Qg3 d5 20.Bb3 dxe4 21.dxe4 Nc6 22.Rf3 Qf8
23.Bb2 Rd8 24.Qh4 Nd4 25.Qf6 Qd6 26.Qxf7+ Kh8 27.Rh3  1-0

[Event "128th ch-NYS"]
[Site "Colonie USA"]
[Date "2006.09.02"]
[Round "1"]
[White "Weatherly,D"]
[Black "Benjamin,Joe"]
[Result "0-1"]
[WhiteElo "2088"]
[BlackElo "2552"]

1.e4 Nf6 2.e5 Nd5 3.d4 d6 4.Nf3 dxe5 5.Nxe5 c6 6.Be2 g6 7.O-O Bg7 8.c4 Nc7
9.Be3 O-O 10.Nc3 Nd7 11.Nf3 b6 12.Rc1 Bb7 13.Qd2 c5 14.d5 e5 15.Ng5 f5 16.d6 f4
17.dxc7 Qxg5 18.f3 Nf6 19.Bf2 e4 20.h4 Qe5 21.fxe4 Nxe4 22.Nxe4 Bxe4 23.Bf3 Bxf3
24.gxf3 Qxc7 25.Qc2 Qe5 26.b3 Rae8 27.Rce1 Qh5 28.Qd3 Bf6 29.Qd5+ Qxd5 30.cxd5 Rxe1
31.Rxe1 Rd8 32.Re4 Rxd5 33.Rxf4 Bd4 34.a3 Rf5 35.Rxf5 Bxf2+ 36.Kxf2 gxf5
37.Ke3 Kf7 38.Kd3 b5 39.a4 a6 40.axb5 axb5  0-1

[Event "128th ch-NYS"]
[Site "Colonie USA"]
[Date "2006.09.02"]
[Round "2"]
[White "Benjamin,Joe"]
[Black "Taylor,S"]
[Result "1-0"]
[WhiteElo "2552"]
[BlackElo "2224"]

1.e4 c5 2.Nf3 d6 3.d4 cxd4 4.Nxd4 Nf6 5.Nc3 g6 6.Bc4 Bg7 7.h3 O-O 8.Bb3 Nc6
9.Be3 Bd7 10.O-O Nxd4 11.Bxd4 b5 12.Re1 a5 13.a3 Bc6 14.Nd5 Nxd5 15.exd5 Bb7
16.Bxg7 Kxg7 17.Qe2 b4 18.axb4 axb4 19.Qb5 Qc7 20.Qxb4 Rfb8 21.Rad1 Kg8 22.Qh4 f6
23.Rd3 Rf8 24.Rc3 Qd7 25.Qg4 f5 26.Qh4 Rf7 27.Rce3 Kf8 28.Re6 Rg7 29.Qd4 Ra5
30.Qxg7+ Kxg7 31.Rxe7+  1-0

[Event "128th ch-NYS"]
[Site "Colonie USA"]
[Date "2006.09.04"]
[Round "6"]
[White "Benjamin,Joe"]
[Black "Micayabas,M"]
[Result "1-0"]
[WhiteElo "2552"]
[BlackElo "2318"]

1.e4 c5 2.Nc3 Nc6 3.Bb5 Nd4 4.Bc4 e6 5.Nf3 Nf6 6.O-O Qc7 7.h3 a6 8.d3 Nc6
9.a4 Be7 10.Nh2 O-O 11.f4 Rd8 12.Ng4 Nxg4 13.hxg4 Nb4 14.e5 d5 15.exd6 Bxd6
16.Ne4 Be7 17.Bd2 Nd5 18.Qf3 Bd7 19.a5 Bc6 20.f5 Nf6 21.Bc3 e5 22.Nxf6+ Bxf6
23.Qe3 Qe7 24.Rae1 Re8 25.Re2 Kh8 26.Qh3 h6 27.Qh5 Rf8 28.Bd2 Kh7 29.Bc3 Rae8
30.Rfe1 g6 31.Qh2 gxf5 32.Qh5 fxg4 33.Qf5+ Kh8 34.Rxe5 Bxe5 35.Rxe5 Qg5 36.Rxe8+ Kg8
37.Rxf8+ Kxf8 38.Qxf7+  1-0

[Event "US Amateur Team East"]
[Site "Parsippany USA"]
[Date "2007.02.18"]
[Round "3"]
[White "Arluck,W"]
[Black "Benjamin,Joe"]
[Result "0-1"]
[WhiteElo "2080"]
[BlackElo "2571"]

1.d4 Nf6 2.Nf3 c5 3.d5 g6 4.c4 Bg7 5.Nc3 d6 6.e4 O-O 7.Be2 e6 8.dxe6 Bxe6
9.O-O Nc6 10.Bf4 Re8 11.Bxd6 Nd4 12.e5 Nd7 13.Re1 Bf5 14.Rc1 Nxe5 15.Bxe5 Bxe5
16.Nxe5 Rxe5 17.Bf1 Rxe1 18.Qxe1 Qg5 19.Kh1 Kh8 20.Nd5 Re8 21.Qc3 Be4 22.Qe3 Bxg2+
23.Bxg2 Rxe3 24.fxe3 Nf5 25.Rc3 Qh4 26.Kg1 Qe1+ 27.Bf1 Qd2 28.Rb3 b6 29.Ra3 Qxb2
30.Rxa7 Nh4 31.Bh3 Qe2  0-1

[Event "US Amateur Team East"]
[Site "Parsippany USA"]
[Date "2007.02.18"]
[Round "4"]
[White "Stoyko,S"]
[Black "Benjamin,Joe"]
[Result "0-1"]
[WhiteElo "2265"]
[BlackElo "2571"]

1.d4 d5 2.Nf3 Bf5 3.Bf4 e6 4.e3 Nd7 5.Nbd2 Ngf6 6.h3 c5 7.c3 Qb6 8.Qb3 c4
9.Qxb6 axb6 10.Nh4 b5 11.g4 Bg6 12.Nxg6 hxg6 13.Bg2 Nb6 14.Bc7 Na4 15.O-O-O b4
16.Kc2 Kd7 17.Be5 Nxc3 18.bxc3 Rxa2+ 19.Kb1 b3 20.Bxf6 gxf6 21.Nf3 Bb4 22.Rd2 Bxc3
23.Rxa2 bxa2+ 24.Kxa2 b5 25.Rc1 Ra8+ 26.Kb1 Ra3 27.Ne1 Ra1+ 28.Kc2 Rxc1+
29.Kxc1 Bxe1  0-1

[Event "US Amateur Team East"]
[Site "Parsippany USA"]
[Date "2007.02.19"]
[Round "5"]
[White "Benjamin,Joe"]
[Black "Thaler,Mi"]
[Result "1-0"]
[WhiteElo "2571"]
[BlackElo "2066"]

1.e4 e5 2.Nf3 Nc6 3.Bb5 a6 4.Ba4 Nf6 5.d3 b5 6.Bb3 Bc5 7.c3 Bb6 8.a4 Bb7
9.axb5 axb5 10.Rxa8 Qxa8 11.Na3 Ba6 12.Bg5 Ng4 13.Bh4 f6 14.Nd2 Nh6 15.Bxf6 gxf6
16.Qh5+ Ke7 17.Qxh6 Qf8 18.Qxf8+ Rxf8 19.Ke2 b4 20.Nac4 Bxc4 21.Nxc4 Bc5
22.Ba4 Na7 23.Ra1 bxc3 24.bxc3 Rb8 25.Ra2 Nc8 26.Nd2 Nb6 27.Bc2 Ra8 28.Rxa8 Nxa8
29.Nf3 Bb6 30.d4 d6 31.Bb3 c5 32.dxe5 dxe5 33.Bg8 h6 34.Nh4 Kf8 35.Bd5 Nc7
36.Nf5 h5 37.Kd3 c4+ 38.Bxc4 Bxf2 39.Ke2 Bb6 40.Ng3 h4 41.Nf5 h3 42.gxh3 Ne8
43.h4 Ng7 44.Ng3 Ne8 45.Nf5 Ng7 46.Nxg7 Kxg7 47.Be6 Ba5 48.c4 Bb6 49.Kf3 Kg6
50.Kg4 Be3 51.h5+ Kh6 52.h3 Bd4 53.Bf7 Kg7 54.Bg6 Kf8 55.h6 Be3 56.h7 Kg7
57.Kf5 Bc5 58.Ke6 f5 59.Bxf5  1-0

[Event "US Amateur Team East"]
[Site "Parsippany USA"]
[Date "2007.02.19"]
[Round "6"]
[White "Benjamin,Joe"]
[Black "Fleischman,E"]
[Result "1-0"]
[WhiteElo "2571"]
[BlackElo "2075"]

1.e4 c5 2.Nf3 d6 3.d4 cxd4 4.Nxd4 Nf6 5.Nc3 g6 6.Bc4 Bg7 7.h3 Nc6 8.Be3 Qa5
9.O-O O-O 10.Bb3 Nd7 11.Nd5 Qd8 12.c3 Nf6 13.Nxf6+ Bxf6 14.Bh6 Bg7 15.Bxg7 Kxg7
16.Qd2 Qb6 17.Rfe1 Bd7 18.Nc2 Ne5 19.Kh2 Be6 20.f4 Bxb3 21.axb3 Nc6 22.Ra3 a6
23.Ne3 Rad8 24.f5 h5 25.Nd5 Qa7 26.Rf1 e6 27.Nf4 Kh7 28.Nxh5 exf5 29.Nf6+ Kg7
30.Rxf5 Rh8 31.Qg5 Ne7 32.Rf3 Qc5 33.Nd5 Nxd5 34.exd5 Rdf8 35.Ra4 Rh5 36.Qf6+ Kg8
37.Rg4 Rh6 38.c4 b5 39.Rff4 Qe3 40.Re4 Qc1 41.Rh4 bxc4 42.Ref4  1-0

[Event "Masters"]
[Site "Bunratty IRL"]
[Date "2007.02.24"]
[Round "3"]
[White "Benjamin,Joe"]
[Black "Williams,Si1"]
[Result "1-0"]
[WhiteElo "2571"]
[BlackElo "2483"]

1.d4 e6 2.Nf3 f5 3.g3 Nf6 4.Bg2 Be7 5.O-O O-O 6.c4 d6 7.Nc3 a5 8.b3 Ne4 9.Bb2 Nxc3
10.Bxc3 Qe8 11.Re1 c6 12.e4 f4 13.d5 cxd5 14.e5 dxe5 15.cxd5 fxg3 16.hxg3 Qf7
17.Qd2 Bc5 18.Rxe5 exd5 19.Rxd5 Na6 20.Rf1 Bf5 21.Ne5 Qc7 22.Nd7 Rfd8 23.Be5 Qxd7
24.Rxd7 Rxd7 25.Qxa5 Bd3 26.Rd1 Bb4 27.Qb6 Re8 28.Bh3 Rde7 29.Rxd3 Bc5 30.Qb5 Rxe5
31.Qc4+ Kh8 32.Rd5 Re1+ 33.Kg2 Ba7 34.Bd7 Rd8 35.Bg4 Rf8 36.Rf5 Rfe8 37.Qf7 g6
38.Qf6+ Kg8 39.Bf3 Nc7 40.Rf4 R1e7 41.b4 Bb8 42.Bd1 Ne6 43.Rf3 Bd6 44.Bb3 Bxb4
45.Re3  1-0

[Event "Masters"]
[Site "Bunratty IRL"]
[Date "2007.02.24"]
[Round "4"]
[White "Baburin,A"]
[Black "Benjamin,Joe"]
[Result "1/2-1/2"]
[WhiteElo "2545"]
[BlackElo "2571"]

1.d4 d5 2.c4 Nc6 3.Nc3 dxc4 4.d5 Ne5 5.Nf3 Nxf3+ 6.exf3 e6 7.Bxc4 c6 8.Qe2 cxd5
9.Nxd5 Ne7 10.Nc3 Nc6 11.O-O Be7 12.Rd1 Qa5 13.Nb5 O-O 14.Bf4 a6 15.Nd6 Bf6
16.Be3 Rd8 17.Bb3 Qc7 18.Ne4 Be7 19.Rxd8+ Qxd8 20.Rd1 Qc7 21.Qd2 Na5 22.Rc1 Qd8
23.Qxd8+ Bxd8 24.Rd1 Be7 25.Bc5 Bxc5 26.Nxc5 Kf8 27.Bc2 Ke7 28.Be4 Rb8 29.f4 b6
30.Nd3 Bb7 31.Bxb7 Rxb7 32.Rc1 b5 33.b3 f6 34.Nb4 Ra7 35.Kf1 Kd7 36.Ke2 Nb7
37.Nd3 Ra8 38.Ke3 Kd6 39.g4 a5 40.a4 bxa4 41.bxa4 Nd8 42.Nc5 Rb8 43.Rc3 Rb4
44.Ne4+ Kd7 45.Nc5+ Kd6  1/2-1/2

[Event "Masters"]
[Site "Bunratty IRL"]
[Date "2007.02.25"]
[Round "5"]
[White "Benjamin,Joe"]
[Black "Jones,G"]
[Result "1/2-1/2"]
[WhiteElo "2571"]
[BlackElo "2509"]

1.e4 c5 2.Nf3 d6 3.d4 cxd4 4.Nxd4 Nf6 5.Nc3 g6 6.Bc4 Bg7 7.h3 O-O 8.Bb3 Nc6
9.Be3 Nxd4 10.Bxd4 Be6 11.O-O Bxb3 12.axb3 a6 13.Re1 Nd7 14.Bxg7 Kxg7 15.Nd5 Kg8
16.b4 Rc8 17.c3 Nb6 18.Qd4 Rc6 19.Rad1 e5 20.Qe3 Nxd5 21.Rxd5 Qe7 22.Red1 b5
23.f4 exf4 24.Qxf4 Rc4 25.Qxd6 Rxe4 26.Qxa6 Re2 27.Qd6 Qe3+  1/2-1/2

[Event "129th ch-New York State"]
[Site "New York USA"]
[Date "2007.09.03"]
[Round "6"]
[White "Ye,L"]
[Black "Benjamin,Joe"]
[Result "0-1"]
[WhiteElo "2141"]
[BlackElo "2576"]

1.e4 Nf6 2.e5 Nd5 3.d4 d6 4.c4 Nb6 5.f4 dxe5 6.fxe5 Nc6 7.Be3 Bf5 8.Be2 Nb4
9.Na3 e6 10.Nf3 Be7 11.O-O O-O 12.Qd2 c5 13.Kh1 Bg6 14.Nb5 Nc2 15.Rac1 cxd4
16.Bxd4 Nxd4 17.Nbxd4 Na4 18.b3 Nc5 19.b4 Ne4 20.Qe1 a5 21.a3 axb4 22.axb4 Ra2
23.Bd3 Nd2 24.Bxg6 hxg6 25.Nxd2 Qxd4 26.Nf3 Qb2 27.Qg3 Qxb4 28.Ng5 Bxg5 29.Qxg5 Re2
30.Qg3 Qc5 31.Qf3 Rxe5 32.Qxb7 Rf5 33.Rxf5 gxf5 34.Qb5 Rc8 35.Qd7 g6 36.h3 Kg7
37.Qd3 Qe5 38.Rd1 Rc5 39.Rf1 Qc7 40.Qc3+ Qe5 41.Qd3 Qc7 42.Qc3+ Kh7 43.Rc1 Qf4
44.Qc2 Qd4 45.Qe2 e5 46.Re1 e4 47.Rc1 Kg7 48.Kh2 Rc7 49.Qc2 Rc5 50.Kh1 f4
51.Qe2 f3 52.gxf3 Rh5 53.Qxe4 Qd2 54.Rc2 Rxh3+ 55.Kg1 Rg3+ 56.Kf1 Qd1+ 57.Kf2 Rxf3+
58.Qxf3 Qxc2+ 59.Kg1 Qxc4 60.Qb7 Qd4+ 61.Kf1 g5 62.Qb5 Qf4+ 63.Kg1 g4 64.Qb2+ Kg6
65.Qc2+ Kg5 66.Qc5+ Kh4 67.Qe7+ Kh3 68.Qd8 Qe3+ 69.Kf1 Kg3  0-1

[Event "US Amateur Team-ch East"]
[Site "Parsippany USA"]
[Date "2008.02.18"]
[Round "5"]
[White "Stein,J"]
[Black "Benjamin,Joe"]
[Result "0-1"]
[WhiteElo "2117"]
[BlackElo "2576"]

1.d4 Nf6 2.c4 e6 3.Nc3 Bb4 4.f3 d5 5.a3 Bd6 6.e4 c5 7.cxd5 exd5 8.exd5 cxd4
9.Qxd4 O-O 10.Bd3 Nc6 11.Qh4 Ne5 12.Bc2 Re8 13.Nge2 Qb6 14.b4 Bd7 15.Qf2 Qc7
16.O-O Ng6 17.Bxg6 hxg6 18.g3 a5 19.Rb1 axb4 20.axb4 Qc4 21.Qd4 Rac8 22.Qxc4 Rxc4
23.b5 Bc5+ 24.Kg2 Nxd5 25.Rd1 Nxc3 26.Nxc3 Bf5 27.Ne4 Rcxe4 28.fxe4 Bxe4+  0-1

[Event "USCL 2008"]
[Site "ICC INT"]
[Date "2008.09.03"]
[Round "2"]
[White "Benjamin,Joe"]
[Black "Schneider,Dm"]
[Result "1-0"]
[WhiteElo "2577"]
[BlackElo "2487"]

1.e4 e5 2.Nf3 Nc6 3.Bb5 a6 4.Ba4 Nf6 5.O-O Nxe4 6.d4 b5 7.Bb3 d5 8.dxe5 Be6
9.Nbd2 Nc5 10.c3 Be7 11.Bc2 Bg4 12.Re1 d4 13.Nb3 dxc3 14.Nxc5 Bxc5 15.Be4 Qxd1
16.Rxd1 Bd7 17.Ng5 Rb8 18.e6 fxe6 19.Bxh7 Ne5 20.bxc3 Rf8 21.Ne4 Ba7 22.Ba3 Rh8
23.Ng5 a5 24.Rab1 c5 25.Re1 b4 26.Rxe5 bxa3 27.Rbe1 Rb6 28.Nxe6 Bxe6 29.Rxe6+ Rxe6
30.Rxe6+ Kd8 31.Bg6 c4 32.Ra6 Bb8 33.g3 Rf8 34.Rxa5 Rf3 35.Rxa3 Bd6 36.Ra8+ Ke7
37.Ra7+ Ke6 38.Kg2 Rxc3 39.Rxg7 Kf6 40.Rd7 Be5 41.Be4 Rc1 42.f4 Ke6 43.Rd8 Bb2
44.Rd2 c3 45.Re2  1-0